Quelle est l'arme de prédilection de ce personnage de fiction? - Statistiques

Statistiques générales
  • Ce quiz a été pris 86 fois
  • Le résultat moyen est 4 sur 40
Statistiques - réponses
Personnage Univers Arme de prédilection % Correct
Anakin Skylwalker Star Wars Sabre laser
100%
Harry Potter Harry Potter Baguette magique
58%
Zeus Mythologie grecque Foudre
42%
Poséidon Myhtologie grecque Trident
36%
Roi Arthur Légende arthurienne Excalibur
32%
Arya Stark Game of Thrones Aiguille
27%
Thor Mythologie nordique Mjollnir
23%
Thanos Avengers Gant de l'Infini
21%
Link The Legend of Zelda Epée de légende
15%
Bilbo Sacquet Le Hobbit Dard
13%
Ichigo Bleach Zanpakuto
10%
Livai L'Attaque des Titans Equipement tridimensionnel
9%
Roronoa Zoro One Piece Sabres
8%
Jon Snow Game of Thrones Grand-Griffe
4%
Maka Soul Eater Soul
4%
Guts Berserk Dragon Slayer
3%
Meliodas Seven Deadly Sins Lost Vayne
3%
Son Goku Dragon BallDragon Ball Daima Nyoi-Bo
3%
Percy Jackson Percy Jackson Turbulence
3%
Pit Kid Icarus Arc Palutena
1%
Kuwabara YuYu Hakusho Epée astrale
1%
Geralt de Riv The Witcher Epée d'argent
1%
Tristepin Wakfu Epée Mashwarr
1%
Héros Livres dont vous êtes lehéros Quête du Graal Excalibur Junior
1%
Marth Fire Emblem Falchion
1%
Sephiroth Final Fantasy VII Masamune
1%
Shulk Xenoblade Chronicles Monado
1%
Rick Rick & Morty Portal gun
1%
Kisame Naruto Samehada
1%
Bayonetta Bayonetta Arsenal démoniaque
0%
Jinx League of Legends Bang Bang
0%
Frères Winchester Supernatural Colt Patterson
0%
Asta Black Clover Dispelda
0%
Kirito Sword Art Online Elucidator
0%
Cloud Final Fantasy VII Epée broyeuse
0%
Kratos God of War Have Leviathan
0%
Bill Kill Bill Katana de la Mariée
0%
Kenshin Kenshin le Vagabond Sakabato
0%
Mugen Samurai Champloo Typhoon Swell
0%
Peter Pevensie Le Monde de Narnia Vaillante
0%
Aucun quiz correspondant
Distribution des résultats
% des personnes avec chaque résultat
Percentile par nombre de réponses
Votre historique - résultats
Vous n’avez pas pris ce quiz